000 00647nam a2200217Ia 4500
003 GCL
008 140319s9999 xx 000 0 ara d
040 _aGCL /
_cGCL
082 0 4 _a810.9
_bم م
100 1 _aمحمد حامد الحضيرى
245 1 0 _aماهية الادب و مهامه فى النقد الادبى الحديث /
_cمحمد حامد الحضيرى
300 _a256 ص
490 _a
650 0 4 _aالادب العربى
650 0 4 _aالعصر الحديث
650 0 4 _aالماركسية
650 0 4 _aالادب
650 0 4 _aالادب والمجتمع
650 0 4 _aتاريخ ونقد
942 _2ddc
_cBK
999 _c45128
_d45128